000 00461nam a2200145Ia 4500
008 151021s9999 xx 000 0 und d
020 _a9.7881700054e+012
050 _aZA 4201 .M36 2006
245 _a_The Librarian`s Internet survival Guide strategies for the high-tech reference desk.-2nd ed.
260 _aNew Delhi Ess Ess 2002
300 _axviii,298p.
500 _aInclude index
650 _a_Using the web
980 _a^d20120131 03:05:33^okorir
999 _c8829
_d8829